| 000 | 01109nas a2200325 4500 | ||
|---|---|---|---|
| 001 | BR2012004755 | ||
| 003 | BR-BrBNA | ||
| 005 | 20231205120800.0 | ||
| 007 | ta | ||
| 008 | 230509b bl.|||p| |||| 00| 00por d | ||
| 040 |
_aBR-BrBNA _bpor _cBiblioteca Nacional de Agricultura |
||
| 041 | _a(Pt) | ||
| 072 | _aF02 | ||
| 100 | 1 | _aRadmann, E.B. | |
| 100 | 1 | _aBianchi, V.J. | |
| 100 | 1 | _aOliveira, R.P. de | |
| 100 | 1 | _aFachinello, J.C. | |
| 245 | 1 | _aMultiplicação in vitro e alongamento das brotações micropropagadas do porta-enxerto 'Tsukuba 1' (Prunus persica L.) | |
| 246 | 1 | _aIn vitro multiplication and elongation of the micropropagation shoots of the roostock of 'Tsukuba 1' (Prunus persica L.) | |
| 650 | _aPESSÊGO | ||
| 650 | _aPRUNUS PERSICA | ||
| 650 | _aMICROPROPAGAÇÃO | ||
| 650 | _aBROTAÇÃO | ||
| 650 | _aPORTA ENXERTO | ||
| 650 | _aEXPLANTE | ||
| 650 | _aCULTURA IN VITRO | ||
| 773 | 0 |
_tRevista Brasileira de Fruticultura (Brazil) _xISSN 0100-2945 _g(Sep 2009), v. 31(3) p. 656-663 _wBR2012004755 |
|
| 909 |
_a202311 _bLúcia _c55 _dLúcia Elande |
||
| 942 |
_2AGRIS _n0 _cANA |
||
| 999 |
_c220288 _d220288 |
||